000
00233nam a2200121Ia 4500
100
_a
#N/A
650
_a
General
942
_c
BK
654
_a
persomality
245
_a
Personality Development
260
_b
#N/A
546
_a
ENGLISH
999
_c
21082
_d
21082